| 000 | 00000nam 2200000za 4500 |
| 001 | 9.838131 |
| 003 | CaOODSP |
| 005 | 20221107151315 |
| 007 | cr ||||||||||| |
| 008 | 170612s1984 onco #o f000 0 eng d |
| 020 | |a0-662-52969-3 |
| 040 | |aCaOODSP|beng |
| 041 | |aeng|afre |
| 043 | |an-cn--- |
| 086 | 1 |aR2-54/1984-PDF|zR2-54/1984 |
| 100 | 1 |aMunro, John C. |
| 245 | 10|aResponse of the government to the report of the Special Committee on Indian Self-Government |h[electronic resource] / |cpresented by John C. Munro. |
| 246 | 15|aRéponse du gouvernement au rapport du Comité spécial sur l'autonomie politique des Indiens |
| 260 | |aOttawa : |bIndian Affairs and Northern Development, |c1984. |
| 300 | |a7, 8 p. : |bphotographs |
| 500 | |a"March 5, 1984." |
| 500 | |aDigitized edition from print [produced by Indigenous and Northern Affairs Canada]. |
| 520 | |a"The Report of the House of Commons Special Committee on Indian Self-Government was tabled in November, 1983. The Government is tabling this response pursuant to the Committee’s request that the Government respond to its Report in accordance with Standing Order 69(13)."--p. 1. |
| 546 | |aFrench text follows English text. |
| 692 | 07|2gccst|aIndians |
| 692 | 07|2gccst|aSelf government |
| 692 | 07|2gccst|aReports |
| 710 | 1 |aCanada. |bParliament. |bHouse of Commons. |bSpecial Committee on Indian Self-Government. |
| 710 | 1 |aCanada. |bIndian and Northern Affairs Canada. |
| 792 | |tRéponse du gouvernement au rapport du Comité spécial sur l'autonomie politique des Indiens |efre|w(CaOODSP)9.838132 |
| 856 | 40|qPDF|s3.42 MB|uhttps://publications.gc.ca/collections/collection_2017/aanc-inac/R2-54-1984.pdf |
| 986 | |aQS-6010-000-BB-A1 |